|
|
|
|
| LEADER |
00000nab a2200000 a 4500 |
| 001 |
vtls000744143 |
| 003 |
SK-MaSNL |
| 005 |
20260304123457.0 |
| 008 |
250429c2000 xo 0 slo |
| 015 |
|
|
|a SNBRB2001/02-03842
|
| 035 |
|
|
|a CLN000095980
|
| 035 |
|
|
|a urn:nbn:sk:snk-abksn
|
| 035 |
|
|
|a (urnnbn)urn:nbn:sk:snk:ar-a05cts
|
| 035 |
|
|
|a (uuid)8d06d596-054d-494a-b5ce-58f86c171980
|
| 040 |
|
|
|a SNKBUCL
|b slo
|c SNKBUCL
|e AACR2
|
| 041 |
0 |
|
|a eng
|
| 044 |
|
|
|a xo
|c SK
|
| 080 |
|
|
|a 616.12-008.331.1-053.9
|2 1997
|
| 080 |
|
|
|a 615.22
|2 1997
|
| 245 |
0 |
0 |
|a Effect of amlodipine on arterial stiffness in isolated systolic hypertension in the elderly
|c S. Dragan ... [et al.]
|
| 246 |
1 |
1 |
|a Účinok amlodipinu na arteriálnu strnulosť pri izolovanej systolickej hypertenzii u pacientov vyššieho veku
|
| 610 |
2 |
7 |
|a Slovenská gerontologická a geriatrická spoločnosť
|x kongresy
|y 22.-24.6.2000
|2 SNK
|9 1427269
|
| 650 |
0 |
7 |
|a hypertenzia
|2 SNKPH
|9 2490
|
| 650 |
0 |
7 |
|a arteriálna strnulosť
|2 SNK
|9 1432471
|
| 650 |
0 |
7 |
|a amlodipín
|2 SNK
|9 845837
|
| 650 |
0 |
7 |
|a geriatria
|2 SNKPH
|9 903
|
| 650 |
0 |
7 |
|a účinky liekov
|2 SNKPH
|9 102769
|
| 650 |
0 |
7 |
|a nitrendipín
|2 SNK
|9 1378916
|
| 650 |
0 |
7 |
|a farmakoterapia
|2 SNKPH
|9 14158
|
| 650 |
0 |
7 |
|a seniori
|2 SNKPH
|9 117453
|
| 655 |
|
7 |
|a abstrakty
|2 SNKPH
|9 22516
|
| 655 |
|
7 |
|a články z novín a časopisov
|2 SNK
|9 267496
|
| 700 |
1 |
|
|a Dragan, S.
|4 aut
|9 1432472
|
| 700 |
1 |
|
|a Mancas, S.
|4 aut
|9 1432473
|
| 700 |
1 |
|
|a Branea, I.
|4 aut
|9 1432474
|
| 700 |
1 |
|
|a Dragulescu, S.I.
|4 aut
|9 1432475
|
| 700 |
1 |
|
|a Iurciuc, M.
|4 aut
|9 1432476
|
| 700 |
1 |
|
|a Velimirovici, D.
|4 aut
|9 1432477
|
| 773 |
0 |
|
|t Geriatria
|g Roč. 6, č. 2 (2000), s. 31, 75
|x 1335-1850
|
| 850 |
|
|
|a Slovenská národná knižnica
|
| 852 |
|
|
|a Slovenská národná knižnica
|
| 954 |
|
|
|a odborná, vedecká literatúra cudzojazyčná (svetová)
|2 lita
|
| 958 |
|
|
|a article27
|
| 958 |
|
|
|a MI
|
| 958 |
|
|
|a OND
|
| 958 |
|
|
|a EUIPO
|
| 999 |
|
|
|c 2889565
|d 2891495
|